[Event "2023 US National Elementary K-6 Championship"]
[Site "Baltimore, Maryland, United States"]
[Date "2023.05.12"]
[Round "2.14"]
[White "Fang, Kevin"]
[Black "Wang, Kyle"]
[Result "0-1"]
[TimeControl "G/90; d10"]
[WhiteElo "1591"]
[BlackElo "1992"]

1. e4 {[%clk 01:30:00]} {[%emt 00:00:02]} e5 {[%clk 01:29:37]} {[%emt
00:00:33]} 2. Nf3 {[%clk 01:29:47]} {[%emt 00:00:23]} Nc6 {[%clk 01:28:48]}
{[%emt 00:01:00]} 3. Bc4 {[%clk 01:29:37]} {[%emt 00:00:20]} Nf6 {[%clk
01:27:58]} {[%emt 00:01:00]} 4. d3 {[%clk 01:29:18]} {[%emt 00:00:29]} Bc5
{[%clk 01:27:49]} {[%emt 00:00:19]} 5. c3 {[%clk 01:29:04]} {[%emt 00:00:24]}
d6 {[%clk 01:27:49]} {[%emt 00:00:09]} 6. O-O {[%clk 01:28:56]} {[%emt
00:00:17]} a5 {[%clk 01:27:49]} {[%emt 00:00:10]} 7. Nbd2 {[%clk 01:27:29]}
{[%emt 00:01:35]} O-O {[%clk 01:26:49]} {[%emt 00:01:10]} 8. h3 {[%clk
01:26:34]} {[%emt 00:01:05]} Be6 {[%clk 01:23:45]} {[%emt 00:03:14]} 9. Re1
{[%clk 01:25:37]} {[%emt 00:01:07]} Bxc4 {[%clk 01:16:53]} {[%emt 00:07:02]} 10.
Nxc4 {[%clk 01:25:17]} {[%emt 00:00:31]} Re8 {[%clk 01:10:45]} {[%emt
00:06:18]} 11. Be3 {[%clk 01:24:26]} {[%emt 00:00:59]} b5 {[%clk 01:06:49]}
{[%emt 00:04:07]} 12. Bxc5 {[%clk 01:21:28]} {[%emt 00:03:08]} bxc4 {[%clk
01:06:44]} {[%emt 00:00:15]} 13. Be3 {[%clk 01:19:47]} {[%emt 00:01:50]} cxd3
{[%clk 01:06:39]} {[%emt 00:00:15]} 14. Bg5 {[%clk 01:18:15]} {[%emt 00:01:41]}
h6 {[%clk 01:06:19]} {[%emt 00:00:31]} 15. Bxf6 {[%clk 01:18:07]} {[%emt
00:00:19]} Qxf6 {[%clk 01:06:19]} {[%emt 00:00:04]} 16. Qxd3 {[%clk 01:18:04]}
{[%emt 00:00:13]} Ne7 {[%clk 01:04:36]} {[%emt 00:01:53]} 17. g3 {[%clk
01:16:27]} {[%emt 00:01:47]} Rad8 {[%clk 01:02:20]} {[%emt 00:02:25]} 18. c4
{[%clk 01:13:57]} {[%emt 00:02:41]} Qe6 {[%clk 00:55:01]} {[%emt 00:07:27]} 19.
Kg2 {[%clk 01:11:24]} {[%emt 00:02:44]} f5 {[%clk 00:51:13]} {[%emt 00:03:58]}
20. exf5 {[%clk 01:10:56]} {[%emt 00:00:38]} Nxf5 {[%clk 00:49:17]} {[%emt
00:02:05]} 21. Qd5 {[%clk 01:10:23]} {[%emt 00:00:44]} Qxd5 {[%clk 00:46:56]}
{[%emt 00:02:31]} 22. cxd5 {[%clk 01:10:19]} {[%emt 00:00:12]} e4 {[%clk
00:46:55]} {[%emt 00:00:12]} 23. Nd2 {[%clk 01:07:33]} {[%emt 00:02:54]} e3
{[%clk 00:43:32]} {[%emt 00:03:36]} 24. Nc4 {[%clk 01:06:52]} {[%emt 00:00:50]}
e2 {[%clk 00:41:19]} {[%emt 00:02:23]} 25. Rac1 {[%clk 01:02:53]} {[%emt
00:03:58]} Rb8 {[%clk 00:26:45]} {[%emt 00:14:56]} 26. Rc2 {[%clk 01:01:20]}
{[%emt 00:01:42]} Rb5 {[%clk 00:25:49]} {[%emt 00:01:04]} 27. Rcxe2 {[%clk
00:56:34]} {[%emt 00:04:59]} Rxe2 {[%clk 00:16:15]} {[%emt 00:09:45]} 28. Rxe2
{[%clk 00:56:29]} {[%emt 00:00:15]} Rxd5 {[%clk 00:16:15]} {[%emt 00:00:06]} 29.
Re8+ {[%clk 00:55:57]} {[%emt 00:00:42]} Kf7 {[%clk 00:16:15]} {[%emt
00:00:06]} 30. Ra8 {[%clk 00:55:54]} {[%emt 00:00:13]} Rd4 {[%clk 00:13:19]}
{[%emt 00:03:06]} 31. Nxa5 {[%clk 00:54:27]} {[%emt 00:01:36]} Ra4 {[%clk
00:12:58]} {[%emt 00:00:29]} 32. a3 {[%clk 00:52:58]} {[%emt 00:01:42]} Ke6
{[%clk 00:12:01]} {[%emt 00:01:04]} 33. Ra7 {[%clk 00:52:34]} {[%emt 00:00:34]}
Kd7 {[%clk 00:09:00]} {[%emt 00:03:13]} 34. Nc6 {[%clk 00:49:50]} {[%emt
00:02:54]} Rxa7 {[%clk 00:08:32]} {[%emt 00:00:38]} 35. Nxa7 {[%clk 00:49:50]}
{[%emt 00:00:08]} Nd4 {[%clk 00:07:01]} {[%emt 00:01:40]} 36. f4 {[%clk
00:49:08]} {[%emt 00:00:53]} c6 {[%clk 00:05:51]} {[%emt 00:01:18]} 37. g4
{[%clk 00:49:05]} {[%emt 00:00:15]} Kc7 {[%clk 00:05:31]} {[%emt 00:00:30]} 38.
g5 {[%clk 00:48:50]} {[%emt 00:00:24]} h5 {[%clk 00:04:49]} {[%emt 00:00:53]}
39. g6 {[%clk 00:48:35]} {[%emt 00:00:26]} Kb7 {[%clk 00:04:33]} {[%emt
00:00:25]} 40. Nxc6 {[%clk 00:48:35]} {[%emt 00:00:06]} Kxc6 {[%clk 00:04:33]}
{[%emt 00:00:07]} 41. f5 {[%clk 00:48:11]} {[%emt 00:00:33]} Nxf5 {[%clk
00:04:32]} {[%emt 00:00:10]} 42. Kf3 {[%clk 00:48:11]} {[%emt 00:00:08]} Nh4+
{[%clk 00:03:55]} {[%emt 00:00:47]} 43. Kf4 {[%clk 00:48:05]} {[%emt 00:00:16]}
Nxg6+ {[%clk 00:03:55]} {[%emt 00:00:04]} 44. Kg5 {[%clk 00:48:05]} {[%emt
00:00:06]} Ne7 {[%clk 00:03:53]} {[%emt 00:00:12]} 45. Kxh5 {[%clk 00:47:56]}
{[%emt 00:00:19]} d5 {[%clk 00:03:53]} {[%emt 00:00:06]} 46. Kg4 {[%clk
00:47:48]} {[%emt 00:00:18]} d4 {[%clk 00:03:53]} {[%emt 00:00:08]} 47. Kf4
{[%clk 00:47:26]} {[%emt 00:00:31]} Kc5 {[%clk 00:03:53]} {[%emt 00:00:11]} 48.
b3 {[%clk 00:47:21]} {[%emt 00:00:14]} Kd5 {[%clk 00:03:39]} {[%emt 00:00:24]}
49. a4 {[%clk 00:47:14]} {[%emt 00:00:18]} Nc6 {[%clk 00:03:39]} {[%emt
00:00:06]} 50. Kf3 {[%clk 00:46:48]} {[%emt 00:00:36]} Kc5 {[%clk 00:03:34]}
{[%emt 00:00:15]} 51. Ke4 {[%clk 00:46:35]} {[%emt 00:00:22]} Kb4 {[%clk
00:03:25]} {[%emt 00:00:20]} 52. Kd3 {[%clk 00:44:49]} {[%emt 00:01:55]} Kxb3
{[%clk 00:03:10]} {[%emt 00:00:26]} 53. a5 {[%clk 00:44:49]} {[%emt 00:00:06]}
Kb4 {[%clk 00:03:10]} {[%emt 00:00:06]} 54. a6 {[%clk 00:44:43]} {[%emt
00:00:17]} Kc5 {[%clk 00:03:10]} {[%emt 00:00:03]} 55. Kxd4+ {[%emt 00:00:27]}
0-1

[Event "2023 US National Elementary K-6 Championship"]
[Site "Baltimore, Maryland, United States"]
[Date "2023.05.12"]
[Round "2.16"]
[White "Zhu, Linxi"]
[Black "Stern, Eli"]
[Result "1-0"]
[TimeControl "G/90; d10"]
[WhiteElo "2004"]
[BlackElo "1363"]

1. e4 {[%clk 01:30:00]} e5 {[%clk 01:30:00]} {[%emt 00:00:06]} 2. Nf3 {[%clk
01:30:00]} {[%emt 00:00:11]} Nc6 {[%clk 01:30:00]} {[%emt 00:00:05]} 3. Bb5
{[%clk 01:30:00]} {[%emt 00:00:04]} Nge7 {[%clk 01:30:00]} {[%emt 00:00:07]} 4.
O-O {[%clk 01:30:00]} {[%emt 00:00:09]} g6 {[%clk 01:30:00]} {[%emt 00:00:10]}
5. c3 {[%clk 01:30:00]} {[%emt 00:00:04]} Bg7 {[%clk 01:29:51]} {[%emt
00:00:19]} 6. d3 {[%clk 01:29:27]} {[%emt 00:00:43]} h6 {[%clk 01:29:06]}
{[%emt 00:00:54]} 7. Re1 {[%clk 01:29:18]} {[%emt 00:00:18]} O-O {[%clk
01:28:14]} {[%emt 00:01:02]} 8. Nbd2 {[%clk 01:27:44]} {[%emt 00:01:44]} d6
{[%clk 01:27:20]} {[%emt 00:01:04]} 9. h3 {[%clk 01:27:27]} {[%emt 00:00:27]}
Be6 {[%clk 01:25:39]} {[%emt 00:01:51]} 10. Ba4 {[%clk 01:24:10]} {[%emt
00:03:28]} Qd7 {[%clk 01:24:11]} {[%emt 00:01:38]} 11. Nf1 {[%clk 01:21:33]}
{[%emt 00:02:47]} Kh8 {[%clk 01:22:40]} {[%emt 00:01:41]} 12. c4 {[%clk
01:19:24]} {[%emt 00:02:20]} f5 {[%clk 01:20:17]} {[%emt 00:02:33]} 13. Qe2
{[%clk 01:06:44]} {[%emt 00:12:50]} f4 {[%clk 01:19:08]} {[%emt 00:01:19]} 14.
b4 {[%clk 01:05:59]} {[%emt 00:00:55]} g5 {[%clk 01:17:26]} {[%emt 00:01:52]}
15. N1h2 {[%clk 01:04:01]} {[%emt 00:02:07]} Qc8 {[%clk 01:15:08]} {[%emt
00:02:28]} 16. b5 {[%clk 01:01:41]} {[%emt 00:02:31]} Nd8 {[%clk 01:13:37]}
{[%emt 00:01:41]} 17. Bb2 {[%clk 00:59:54]} {[%emt 00:01:56]} Nf7 {[%clk
01:08:43]} {[%emt 00:05:05]} 18. d4 {[%clk 00:58:49]} {[%emt 00:01:16]} Ng6
{[%clk 01:07:13]} {[%emt 00:01:39]} 19. c5 {[%clk 00:55:41]} {[%emt 00:03:18]}
exd4 {[%clk 01:04:41]} {[%emt 00:02:42]} 20. cxd6 {[%clk 00:51:54]} {[%emt
00:03:57]} Nxd6 {[%clk 01:02:11]} {[%emt 00:02:39]} 21. Bxd4 {[%clk 00:44:56]}
{[%emt 00:07:08]} Bxd4 {[%clk 00:53:28]} {[%emt 00:08:55]} 22. Nxd4 {[%clk
00:44:53]} {[%emt 00:00:22]} Nh4 {[%clk 00:49:59]} {[%emt 00:03:39]} 23. Qb2
{[%clk 00:41:01]} {[%emt 00:04:01]} Kg8 {[%clk 00:47:54]} {[%emt 00:02:15]} 24.
Nxe6 {[%clk 00:40:44]} {[%emt 00:00:28]} Qxe6 {[%clk 00:47:54]} {[%emt
00:00:03]} 25. Bb3 {[%clk 00:40:44]} {[%emt 00:00:04]} Nc4 {[%clk 00:47:16]}
{[%emt 00:00:48]} 26. Qc3 {[%clk 00:40:25]} {[%emt 00:00:29]} Qe7 {[%clk
00:46:07]} {[%emt 00:01:18]} 27. Bxc4+ {[%clk 00:40:18]} {[%emt 00:00:17]} Kh7
{[%clk 00:45:53]} {[%emt 00:00:23]} 28. Nf3 {[%clk 00:40:06]} {[%emt 00:00:23]}
Ng6 {[%clk 00:45:42]} {[%emt 00:00:20]} 29. Bd5 {[%clk 00:39:07]} {[%emt
00:01:09]} Rab8 {[%clk 00:45:12]} {[%emt 00:00:40]} 30. Rac1 {[%clk 00:39:03]}
{[%emt 00:00:14]} Rfc8 {[%clk 00:44:40]} {[%emt 00:00:42]} 31. Qc5 {[%clk
00:38:44]} {[%emt 00:00:29]} Qxc5 {[%clk 00:44:02]} {[%emt 00:00:48]} 32. Rxc5
{[%clk 00:38:38]} {[%emt 00:00:17]} b6 {[%clk 00:43:51]} {[%emt 00:00:21]} 33.
Rc3 {[%clk 00:38:23]} {[%emt 00:00:25]} Kg7 {[%clk 00:43:41]} {[%emt 00:00:20]}
34. Rec1 {[%clk 00:38:23]} {[%emt 00:00:06]} Kf6 {[%clk 00:43:41]} {[%emt
00:00:07]} 35. Rc6+ {[%clk 00:38:20]} {[%emt 00:00:12]} Kg7 {[%clk 00:43:34]}
{[%emt 00:00:17]} 36. Rxc7+ {[%clk 00:38:20]} {[%emt 00:00:06]} Rxc7 {[%clk
00:43:34]} {[%emt 00:00:05]} 37. Rxc7+ {[%clk 00:38:20]} {[%emt 00:00:05]} Kf8
{[%clk 00:43:32]} {[%emt 00:00:11]} 38. Nd4 {[%clk 00:38:09]} {[%emt 00:00:22]}
Ne5 {[%clk 00:43:16]} {[%emt 00:00:26]} 39. Nc6 {[%clk 00:37:39]} {[%emt
00:00:41]} Nxc6 {[%clk 00:43:16]} {[%emt 00:00:08]} 40. bxc6 {[%clk 00:37:39]}
{[%emt 00:00:04]} Rd8 {[%clk 00:43:14]} {[%emt 00:00:13]} 41. Rxa7 {[%clk
00:37:30]} {[%emt 00:00:19]} 1-0

[Event "2023 US National Elementary K-6 Championship"]
[Site "Baltimore, Maryland, United States"]
[Date "2023.05.12"]
[Round "2.11"]
[White "Wu, Andrew"]
[Black "Hu, Daren"]
[Result "1-0"]
[TimeControl "G/90; d10"]
[WhiteElo "2088"]
[BlackElo "1607"]

1. e4 {[%clk 01:27:49]} {[%emt 00:02:20]} e5 {[%clk 01:30:00]} {[%emt
00:00:02]} 2. Nf3 {[%clk 01:27:28]} {[%emt 00:00:31]} Nc6 {[%clk 01:30:00]}
{[%emt 00:00:05]} 3. Bc4 {[%clk 01:27:10]} {[%emt 00:00:27]} Bc5 {[%clk
01:30:00]} {[%emt 00:00:04]} 4. O-O {[%clk 01:27:03]} {[%emt 00:00:18]} d6
{[%clk 01:29:45]} {[%emt 00:00:25]} 5. c3 {[%clk 01:26:57]} {[%emt 00:00:16]}
a5 {[%clk 01:29:45]} {[%emt 00:00:03]} 6. Bb3 {[%clk 01:26:16]} {[%emt
00:00:51]} Bg4 {[%clk 01:29:18]} {[%emt 00:00:36]} 7. h3 {[%clk 01:25:48]}
{[%emt 00:00:38]} Bh5 {[%clk 01:29:18]} {[%emt 00:00:08]} 8. d3 {[%clk
01:25:34]} {[%emt 00:00:25]} Nf6 {[%clk 01:29:08]} {[%emt 00:00:21]} 9. Nbd2
{[%clk 01:25:09]} {[%emt 00:00:35]} b5 {[%clk 01:28:50]} {[%emt 00:00:28]} 10.
Re1 {[%clk 01:23:52]} {[%emt 00:01:27]} O-O {[%clk 01:26:43]} {[%emt 00:02:18]}
11. Nf1 {[%clk 01:23:06]} {[%emt 00:00:55]} a4 {[%clk 01:25:15]} {[%emt
00:01:39]} 12. Bc2 {[%clk 01:21:58]} {[%emt 00:01:17]} Ba7 {[%clk 01:25:08]}
{[%emt 00:00:17]} 13. Ng3 {[%clk 01:21:18]} {[%emt 00:00:49]} Bg6 {[%clk
01:25:08]} {[%emt 00:00:05]} 14. Bg5 {[%clk 01:19:49]} {[%emt 00:01:38]} h6
{[%clk 01:23:51]} {[%emt 00:01:27]} 15. Bh4 {[%clk 01:18:06]} {[%emt 00:01:53]}
Nb8 {[%clk 01:21:16]} {[%emt 00:02:46]} 16. Nh2 {[%clk 01:14:47]} {[%emt
00:03:28]} Nbd7 {[%clk 01:18:42]} {[%emt 00:02:45]} 17. Qf3 {[%clk 01:13:07]}
{[%emt 00:01:49]} Qb8 {[%clk 01:15:28]} {[%emt 00:03:24]} 18. b3 {[%clk
01:05:09]} {[%emt 00:08:08]} Qb6 {[%clk 01:13:18]} {[%emt 00:02:21]} 19. Rad1
{[%emt 00:05:39]} Bh7 {[%clk 01:12:19]} {[%emt 00:01:06]} 20. Nf5 {[%clk
00:55:27]} {[%emt 00:04:24]} axb3 {[%clk 01:11:45]} {[%emt 00:00:44]} 21. Ne7+
{[%clk 00:51:40]} {[%emt 00:03:58]} Kh8 {[%clk 01:11:45]} {[%emt 00:00:10]} 22.
Bxb3 {[%clk 00:50:30]} {[%emt 00:01:20]} Nc5 {[%clk 01:09:26]} {[%emt
00:02:29]} 23. Bxf6 {[%clk 00:49:18]} {[%emt 00:01:22]} Nxb3 {[%clk 01:09:10]}
{[%emt 00:00:24]} 24. axb3 {[%clk 00:49:14]} {[%emt 00:00:15]} Qxf2+ {[%clk
01:08:45]} {[%emt 00:00:33]} 25. Qxf2 {[%clk 00:49:14]} {[%emt 00:00:10]} Bxf2+
{[%clk 01:08:45]} {[%emt 00:00:06]} 26. Kxf2 {[%clk 00:49:14]} {[%emt
00:00:08]} gxf6 {[%clk 01:08:45]} {[%emt 00:00:05]} 27. Ra1 {[%clk 00:49:06]}
{[%emt 00:00:19]} Rae8 {[%clk 01:08:36]} {[%emt 00:00:19]} 28. Nd5 {[%clk
00:48:41]} {[%emt 00:00:34]} f5 {[%clk 01:07:54]} {[%emt 00:00:52]} 29. Nf6
{[%clk 00:48:39]} {[%emt 00:00:13]} Re6 {[%clk 01:07:54]} {[%emt 00:00:06]} 30.
Nxh7 {[%clk 00:48:39]} {[%emt 00:00:06]} Kxh7 {[%clk 01:07:54]} {[%emt
00:00:04]} 31. exf5 {[%clk 00:48:39]} {[%emt 00:00:10]} Rf6 {[%clk 01:07:54]}
{[%emt 00:00:06]} 32. g4 {[%clk 00:48:37]} {[%emt 00:00:12]} h5 {[%clk
01:07:54]} {[%emt 00:00:11]} 33. d4 {[%clk 00:47:46]} {[%emt 00:01:01]} exd4
{[%clk 01:07:36]} {[%emt 00:00:26]} 34. cxd4 {[%clk 00:47:38]} {[%emt
00:00:19]} hxg4 {[%clk 01:07:29]} {[%emt 00:00:17]} 35. hxg4 {[%clk 00:47:38]}
{[%emt 00:00:10]} Rg8 {[%clk 01:07:09]} {[%emt 00:00:30]} 36. Kf3 {[%clk
00:44:56]} {[%emt 00:02:52]} Rh6 {[%clk 01:06:48]} {[%emt 00:00:31]} 37. Nf1
{[%clk 00:44:34]} {[%emt 00:00:31]} Rh3+ {[%clk 01:06:41]} {[%emt 00:00:17]} 38.
Ng3 {[%clk 00:44:34]} {[%emt 00:00:09]} Kg7 {[%clk 01:06:35]} {[%emt 00:00:16]}
39. Kg2 {[%clk 00:43:45]} {[%emt 00:00:59]} Rh4 {[%clk 01:06:23]} {[%emt
00:00:22]} 40. Nh5+ {[%clk 00:41:58]} {[%emt 00:01:57]} Kf8 {[%clk 01:06:17]}
{[%emt 00:00:16]} 41. Ra8# {[%clk 00:41:56]} {[%emt 00:00:08]} 1-0

[Event "2023 US National Elementary K-6 Championship"]
[Site "Baltimore, Maryland, United States"]
[Date "2023.05.12"]
[Round "2.3"]
[White "Li, Audrey"]
[Black "Rajaram, Rohan"]
[Result "0-1"]
[TimeControl "G/90; d10"]
[WhiteElo "1632"]
[BlackElo "2100"]

1. e4 {[%clk 01:30:00]} c5 {[%clk 01:30:00]} {[%emt 00:00:08]} 2. Nf3 {[%clk
01:30:00]} d6 {[%clk 01:30:00]} {[%emt 00:00:26]} 3. d4 {[%clk 01:30:00]} cxd4
{[%clk 01:30:00]} 4. Nxd4 {[%clk 01:30:00]} Nf6 {[%clk 01:30:00]} {[%emt
00:00:04]} 5. Nc3 {[%clk 01:30:00]} {[%emt 00:00:14]} a6 {[%clk 01:30:00]} 6.
f3 {[%clk 01:26:27]} {[%emt 00:04:16]} e5 {[%clk 01:30:00]} 7. Nb3 {[%clk
01:26:18]} {[%emt 00:00:11]} Be6 {[%clk 01:30:00]} 8. a4 {[%clk 01:25:48]}
{[%emt 00:00:37]} Be7 {[%clk 01:29:15]} {[%emt 00:00:48]} 9. Bd3 {[%clk
01:24:34]} {[%emt 00:01:25]} O-O {[%clk 01:27:42]} {[%emt 00:01:55]} 10. Be3
{[%clk 01:24:04]} {[%emt 00:00:24]} Nc6 {[%clk 01:25:45]} {[%emt 00:02:10]} 11.
O-O {[%clk 01:22:49]} {[%emt 00:01:22]} Rc8 {[%clk 01:22:38]} {[%emt 00:03:22]}
12. Qd2 {[%clk 01:15:20]} {[%emt 00:07:36]} Nb4 {[%clk 01:16:26]} {[%emt
00:06:22]} 13. Rfd1 {[%clk 01:09:46]} {[%emt 00:05:44]} d5 {[%clk 01:10:36]}
{[%emt 00:06:00]} 14. exd5 {[%clk 01:06:55]} {[%emt 00:03:01]} Nbxd5 {[%clk
01:10:07]} {[%emt 00:00:38]} 15. Nxd5 {[%clk 01:04:22]} {[%emt 00:02:45]} Nxd5
{[%clk 01:09:43]} {[%emt 00:00:37]} 16. Bf2 {[%clk 01:00:56]} {[%emt 00:03:32]}
Qc7 {[%clk 01:06:39]} {[%emt 00:03:14]} 17. Rdc1 {[%clk 00:56:25]} {[%emt
00:04:48]} Rfd8 {[%clk 00:57:01]} {[%emt 00:09:40]} 18. a5 {[%clk 00:46:57]}
{[%emt 00:09:57]} Qc6 {[%clk 00:53:04]} {[%emt 00:03:53]} 19. Qe1 {[%clk
00:44:17]} {[%emt 00:02:55]} Qd6 {[%clk 00:45:13]} {[%emt 00:08:11]} 20. Be4
{[%clk 00:40:32]} {[%emt 00:03:40]} f5 {[%clk 00:44:03]} {[%emt 00:01:30]} 21.
Bxd5 {[%clk 00:39:05]} {[%emt 00:01:30]} Bxd5 {[%clk 00:43:46]} {[%emt
00:00:22]} 22. Bb6 {[%clk 00:35:20]} {[%emt 00:03:56]} Re8 {[%clk 00:43:02]}
{[%emt 00:00:52]} 23. Qf2 {[%clk 00:29:41]} {[%emt 00:05:58]} Qf6 {[%clk
00:38:59]} {[%emt 00:04:04]} 24. Rab1 {[%clk 00:27:13]} {[%emt 00:02:36]} e4
{[%clk 00:34:51]} {[%emt 00:04:18]} 25. fxe4 {[%clk 00:25:02]} {[%emt
00:02:22]} Bxe4 {[%clk 00:33:59]} {[%emt 00:01:04]} 26. Nc5 {[%clk 00:21:46]}
{[%emt 00:03:42]} Qc6 {[%clk 00:23:41]} {[%emt 00:10:09]} 27. b4 {[%clk
00:20:33]} {[%emt 00:01:23]} Bg5 {[%clk 00:22:24]} {[%emt 00:01:27]} 28. Re1
{[%clk 00:19:07]} {[%emt 00:01:38]} Qg6 {[%clk 00:21:23]} {[%emt 00:01:28]} 29.
Nxe4 {[%clk 00:16:37]} {[%emt 00:02:21]} fxe4 {[%clk 00:21:09]} {[%emt
00:00:38]} 30. Be3 {[%clk 00:13:01]} {[%emt 00:03:37]} Bf6 {[%clk 00:19:33]}
{[%emt 00:01:43]} 31. Rf1 {[%clk 00:11:24]} {[%emt 00:01:45]} Qh5 {[%clk
00:15:20]} {[%emt 00:04:47]} 32. Rb3 {[%clk 00:07:49]} {[%emt 00:03:21]} Qd5
{[%clk 00:14:11]} {[%emt 00:01:23]} 33. Bc5 {[%clk 00:06:29]} {[%emt 00:01:26]}
Rxc5 {[%clk 00:12:56]} {[%emt 00:01:28]} 34. Kh1 {[%clk 00:05:34]} {[%emt
00:01:27]} Rc7 {[%clk 00:12:29]} {[%emt 00:00:12]} 35. Qe2 {[%clk 00:05:04]}
{[%emt 00:00:40]} Qc4 {[%clk 00:12:14]} {[%emt 00:00:25]} 36. Qxc4+ {[%clk
00:04:54]} {[%emt 00:00:23]} Rxc4 {[%clk 00:12:14]} {[%emt 00:00:07]} 37. Rf2
{[%clk 00:04:07]} {[%emt 00:00:56]} e3 {[%clk 00:12:14]} {[%emt 00:00:04]} 38.
Re2 {[%clk 00:04:07]} {[%emt 00:00:07]} Rc3 {[%clk 00:12:14]} {[%emt 00:00:04]}
39. Rb1 {[%clk 00:03:22]} {[%emt 00:00:52]} Rec8 {[%clk 00:12:14]} {[%emt
00:00:17]} 40. Rc1 {[%clk 00:02:57]} {[%emt 00:00:25]} R8c4 {[%clk 00:12:06]}
{[%emt 00:00:42]} 41. g3 {[%clk 00:02:46]} {[%emt 00:00:04]} Rd4 {[%clk
00:12:06]} {[%emt 00:00:05]} 42. Rce1 {[%clk 00:02:36]} {[%emt 00:00:38]} Bg5
{[%clk 00:11:52]} {[%emt 00:00:05]} 43. Kg2 {[%clk 00:02:15]} {[%emt 00:00:29]}
Rd2 {[%clk 00:11:52]} {[%emt 00:00:17]} 44. Kf3 {[%clk 00:01:48]} {[%emt
00:00:23]} Rcxc2 {[%clk 00:11:52]} {[%emt 00:00:36]} 45. h4 {[%clk 00:01:40]}
{[%emt 00:00:06]} Rxe2 {[%clk 00:11:52]} 46. Rxe2 {[%clk 00:01:40]} Rxe2 {[%clk
00:11:52]} 47. Kxe2 {[%clk 00:01:40]} Be7 {[%clk 00:11:52]} {[%emt 00:00:08]}
48. b5 {[%clk 00:01:40]} {[%emt 00:00:05]} axb5 {[%clk 00:11:52]} {[%emt
00:00:05]} 49. Kxe3 {[%clk 00:01:40]} {[%emt 00:00:07]} Bd8 {[%clk 00:11:52]}
{[%emt 00:00:03]} 50. Kd4 {[%clk 00:01:40]} {[%emt 00:00:03]} Bxa5 {[%clk
00:11:52]} {[%emt 00:00:04]} 51. Kd3 {[%clk 00:01:40]} {[%emt 00:00:10]} Kf7
{[%clk 00:11:52]} {[%emt 00:00:08]} 52. g4 {[%clk 00:01:40]} {[%emt 00:00:04]}
Ke6 {[%clk 00:11:52]} 53. Kd4 {[%clk 00:01:40]} {[%emt 00:00:07]} b4 {[%clk
00:11:52]} {[%emt 00:00:04]} 54. Kc4 {[%clk 00:01:40]} {[%emt 00:00:07]} b5+
{[%clk 00:11:52]} {[%emt 00:00:03]} 55. Kb3 {[%clk 00:01:37]} {[%emt 00:00:09]}
Kd5 {[%clk 00:11:52]} {[%emt 00:00:04]} 56. g5 {[%clk 00:01:37]} {[%emt
00:00:09]} g6 {[%clk 00:11:52]} {[%emt 00:00:04]} 57. Kb2 {[%clk 00:01:37]}
{[%emt 00:00:05]} Kc4 {[%clk 00:11:52]} {[%emt 00:00:05]} 58. Kc2 {[%clk
00:01:37]} {[%emt 00:00:07]} b3+ {[%clk 00:11:52]} {[%emt 00:00:07]} 59. Kd1
{[%clk 00:01:25]} {[%emt 00:00:18]} Kc3 {[%clk 00:11:50]} {[%emt 00:00:09]} 60.
Ke2 {[%clk 00:01:25]} {[%emt 00:00:12]} b2 {[%clk 00:11:50]} {[%emt 00:00:08]}
61. Ke3 {[%clk 00:01:25]} {[%emt 00:00:16]} b1=Q {[%clk 00:11:48]} {[%emt
00:00:04]} 62. Kf4 {[%clk 00:01:25]} Kd4 {[%clk 00:11:48]} {[%emt 00:00:04]} 63.
Kf3 {[%clk 00:01:25]} {[%emt 00:00:04]} Qf1+ {[%clk 00:11:48]} {[%emt
00:00:04]} 64. Kg3 {[%clk 00:01:22]} {[%emt 00:00:12]} Bc7+ {[%clk 00:11:48]}
{[%emt 00:00:04]} 65. Kg4 {[%clk 00:01:22]} {[%emt 00:00:03]} Qg2 {[%clk
00:11:47]} {[%emt 00:00:09]} 0-1